Kurze mitteilungen: das alter bei der geschletsreife der dosenschildkröte Terrapene c. carolina (Registro nro. 9346)

Detalles MARC
000 -CABECERA
Campo de control 004900000a22001570004500
090 ## - CLASIFICACIÓN LOCAL
Colección AR
Consecutivo 00246
041 0# - IDIOMA
Código de idioma para texto/pista de sonido o título separado
100 1# - ASIENTO PRINCIPAL--NOMBRE PERSONAL
Nombre personal Mertens, Robert
245 10 - MENCION DE TITULO
Título Kurze mitteilungen: das alter bei der geschletsreife der dosenschildkröte Terrapene c. carolina
650 14 - ASIENTO SECUNDARIO DE MATERIA - TERMINO TEMATICO
Término temático o nombre geográfico como elemento de entrada Herpetofauna
650 14 - ASIENTO SECUNDARIO DE MATERIA - TERMINO TEMATICO
Término temático o nombre geográfico como elemento de entrada Tortugas
650 14 - ASIENTO SECUNDARIO DE MATERIA - TERMINO TEMATICO
Término temático o nombre geográfico como elemento de entrada Reproducción animal
653 ## - TERMINO DE INDIZACION - NO CONTROLADO
-- Terrapene
-- Terrapene c. carolina
773 1# - Item fuente:
Título Salamandra
Especificación de materiales 88
Descripción física 1
Paginas del Articulo 34-35
Lugar, editorial y fecha de publicación 1973
Información sobre la relación 9
942 ## - ELEMENTOS ADICIONALES (KOHA)
Tipo de ítem Artículo
Existencias
Withdrawn status Lost status Damaged status No para préstamo Colección Ubicación Permanente Ubicación actual Fecha de adquisición Fuente de Valor Datos de publicación Seriada Total Checkouts Número topográfico Inventario / Código de Barras Date last seen Ejemplar Price effective from Forma de adquisición Tipo de material
      No para Préstamo Hemeroteca Bogotá Bogotá 27/02/2015 Muñoz Saba, Yaneth Fuera de circulación   AR 00246 010489 25/03/2015 1 25/03/2015   Artículo